Welcome to the Holygrace Academy Library

Please use search bar below to get started

GOOSEBUMPS TALES TO GIVE YOU (Record no. 8027)

MARC details
000 -LEADER
fixed length control field 00595nam a22001457a 4500
020 ## - INTERNATIONAL STANDARD BOOK NUMBER
ISBN 0-590-13434-5
082 ## - DEWEY DECIMAL CLASSIFICATION NUMBER
Classification number 823
Item number STI/G
100 ## - MAIN ENTRY--AUTHOR NAME
Personal name STINE, R L
245 ## - TITLE STATEMENT
Title GOOSEBUMPS TALES TO GIVE YOU
260 ## - PUBLICATION, DISTRIBUTION, ETC. (IMPRINT)
Place of publication LONDON
Name of publisher SCHOLASTIC
Year of publication 1995
300 ## - PHYSICAL DESCRIPTION
Number of Pages 134
520 ## - SUMMARY, ETC.
Summary, etc From an evil baby sister, to a remote control that can control more than just the television set, to a teacher who's obsessed with snakes, to a cute, cuddly, teddy bear gone bad, here are ten creepy, spooky stores guaranteed to give you Goosebumps all night long!
650 ## - SUBJECT ADDED ENTRY--TOPICAL TERM
Topical Term CHILDRENS STORY BOOK
Geographic subdivision UNITED KINGDOM
942 ## - ADDED ENTRY ELEMENTS (KOHA)
Koha item type Books
Holdings
Withdrawn status Lost status Collection code Home library Current library Shelving location Date acquired Source of acquisition Full call number Accession Number Koha item type
    Fiction Main Library Main Library SHELF 4-A GOOSEBUMPS 06/02/2019 purchase 823 STI/G 11074 Books